| 000 | 00462nam a2200181Ia 4500 | ||
|---|---|---|---|
| 001 | 3056 | ||
| 005 | 20260306144852.0 | ||
| 008 | 260306t1193||||xx |||||||||||||| ||spa|| | ||
| 041 | _aESP | ||
| 082 |
_a248.22 _bA61 |
||
| 100 |
_aAnónimo Inglés s. XIV _eAUT |
||
| 245 | 0 |
_aLa nube del no-saber: _by el libro de la orientación particular |
|
| 260 | _c1193 | ||
| 300 |
_a278 páginas : _c20 cm. |
||
| 650 | _aGEN | ||
| 654 | _aCHU | ||
| 942 |
_cLIB _dJUS _fJUS _2ddc _n |
||
| 999 |
_c3056 _d3056 |
||